[Event "Euro Online U2300 Day 1"]
[Site "chess.com INT"]
[Date "2020.05.25"]
[Round "1"]
[White "Tsereteli, Tornike"]
[Black "Grineva, Marianna"]
[Result "1/2-1/2"]
[BlackTitle "WFM"]
[WhiteElo "1735"]
[BlackElo "2002"]
[WhiteFideId "13612565"]
[BlackFideId "14102013"]
[EventDate "2020.05.25"]

1. e4 d6 2. d4 Nf6 3. Nc3 g6 4. Nf3 Bg7 5. h3 O-O 6. Be2 a6 7. O-O b5 8. a3 Bb7
9. d5 c6 10. Be3 Nbd7 11. Qd2 c5 12. Bd3 Qc7 13. Rfe1 e6 14. dxe6 fxe6 15. Bh6
Rae8 16. Bxg7 Kxg7 17. Rad1 Re7 18. Bf1 Ne8 19. Qg5 Ref7 20. Qg3 b4 21. Nb1 Ndf6
22. Ng5 Re7 23. e5 dxe5 24. Qxe5 Qxe5 25. Rxe5 Bd5 26. c4 bxc3 27. Nxc3 Bb3 28.
Rde1 Nc7 29. Rxc5 h6 30. Nf3 Nfd5 31. Nxd5 Bxd5 32. Ne5 Rb8 33. b4 Nb5 34. Bxb5
axb5 35. Nc6 Bxc6 36. Rxc6 Kf6 37. Rd1 Ra8 38. Rd3 g5 39. Rb6 Rc8 40. Rxb5 Rc1+
41. Kh2 Rc2 42. Rf3+ Kg6 43. Rb6 h5 44. a4 g4 45. hxg4 hxg4 46. Rf4 Kg5 47. g3
e5 48. Rf8 e4 49. Rb5+ Kg6 50. Kg1 Rc1+ 51. Kg2 Rc2 52. Kf1 e3 53. fxe3 Rxe3 54.
Rf2 Rcc3 55. Rb6+ Kg5 56. a5 Rxg3 57. a6 Rge3 58. b5 g3 59. Rd2 Kg4 60. Kg2 Rc1
61. Rg6+ Kf4 62. Rf6+ Ke5 63. Rg6 Kf4 64. a7 Ra3 65. Ra6 Rxa6 66. bxa6 Rc8 67.
Rb2 Ra8 68. Rb7 Kg4 69. Rg7+ Kf4 70. Rb7 Kg4 71. Rb4+ Kf5 72. Kxg3 Rxa7 73. Rb6
Ke5 74. Rg6 Kd5 75. Kf3 Kc5 76. Ke3 Kb5 77. Kd3 Rxa6 78. Rxa6 Kxa6 1/2-1/2

[Event "Euro Online U2300 Day 1"]
[Site "chess.com INT"]
[Date "2020.05.25"]
[Round "1"]
[White "Mesnyankin, Nikita"]
[Black "Koutlas, Nikolaos"]
[Result "1-0"]
[WhiteElo "2176"]
[BlackElo "2032"]
[WhiteFideId "24175935"]
[BlackFideId "25827138"]
[EventDate "2020.05.25"]

1. e4 e6 2. d4 d5 3. Nc3 Nf6 4. Bg5 Bb4 5. e5 h6 6. Bd2 Bxc3 7. bxc3 Ne4 8. Qg4
Kf8 9. Qf4 c5 10. Nf3 Nc6 11. Bd3 Nxd2 12. Qxd2 c4 13. Be2 b5 14. O-O a5 15. Qf4
b4 16. g4 g5 17. Qd2 bxc3 18. Qxc3 Ne7 19. h4 Ng6 20. h5 Nf4 21. Rfe1 Kg7 22.
Bf1 Bd7 23. Rab1 Qc7 24. Rb2 Rhb8 25. Reb1 Rxb2 26. Qxb2 Bc6 27. Qb6 Qxb6 28.
Rxb6 Ba4 29. Ne1 Ra7 30. f3 f6 31. exf6+ Kxf6 32. Kf2 Bd7 33. Ke3 a4 34. a3 Ra5
35. Be2 Rb5 36. Rxb5 Bxb5 37. c3 Bc6 38. Nc2 Bb5 39. Nb4 e5 40. Nc2 Bc6 41.
dxe5+ Kxe5 42. Nd4 Bd7 43. Bd1 Nd3 44. Bc2 Ne1 45. Bf5 Be8 46. Bb1 Bd7 47. Nf5
Bxf5 48. Bxf5 Ng2+ 49. Kf2 Nf4 50. Bd7 Nd3+ 51. Ke3 Nc5 52. Bb5 Kd6 53. Be8 Ke5
54. Bb5 Kd6 55. f4 gxf4+ 56. Kxf4 Ne6+ 57. Kf5 Nc5 58. Kg6 Ne4 59. Kxh6 Nxc3 60.
g5 Nxb5 61. g6 c3 62. g7 c2 63. g8=Q c1=Q+ 64. Kh7 Qc7+ 65. Kg6 Nd4 66. Qf8+ Qe7
67. Qb8+ Qc7 68. Qb4+ Qc5 69. Qxc5+ Kxc5 70. Kf6 Kd6 71. h6 Nc2 72. h7 Nxa3 73.
h8=Q Nc4 74. Qf8+ Kc6 75. Qc8+ Kb5 76. Qd7+ Kc5 77. Qxa4 d4 78. Qc2 Kd5 79. Qb3
Kc5 80. Kf5 Nb6 81. Ke4 Nd5 82. Qxd5+ Kb4 1-0

[Event "Euro Online U2300 Day 1"]
[Site "chess.com INT"]
[Date "2020.05.25"]
[Round "1"]
[White "Gavilan Diaz, Mario"]
[Black "Kolbin, Anton"]
[Result "1/2-1/2"]
[WhiteTitle "FM"]
[WhiteElo "2278"]
[BlackElo "2204"]
[WhiteFideId "2260905"]
[BlackFideId "24107271"]
[EventDate "2020.05.25"]

1. e4 e5 2. Nf3 Nc6 3. Bc4 Bc5 4. c3 Nf6 5. d4 exd4 6. e5 d5 7. Bb5 Ne4 8. cxd4
Bb6 9. Nc3 O-O 10. Be3 Bg4 11. Qc2 Bxf3 12. gxf3 Nxc3 13. bxc3 Qh4 14. O-O-O f6
15. f4 Ne7 16. Rhg1 Kh8 17. Rg2 f5 18. Rdg1 g6 19. Qd2 c6 20. Bd3 Ng8 21. f3 Nh6
22. Bf2 Qe7 23. Rg5 Nf7 24. Bh4 Nxg5 25. Bxg5 Qa3+ 26. Kb1 c5 27. Bc2 Ba5 28.
Qc1 Qxc3 29. Qb2 cxd4 30. Bf6+ Kg8 31. Bb3 Qd3+ 32. Qc2 Qxc2+ 33. Kxc2 Rxf6 34.
exf6 Kf7 35. Bxd5+ Kxf6 36. Bxb7 Rb8 37. Rb1 Bc7 38. Kd3 Bb6 39. Bd5 Re8 40. a4
Re3+ 41. Kc4 Ra3 42. Kb5 d3 43. Bb3 d2 44. Kb4 Rxb3+ 45. Kxb3 Be3 46. Kc2 Bxf4
47. h3 Kg5 48. Rb7 Be3 49. Rxh7 Kf4 50. h4 Kxf3 51. Rg7 Kg4 52. Rxg6+ Kxh4 53.
Re6 f4 54. Kd1 Kg3 55. Ke2 Kg4 56. Rg6+ Kf5 57. Rg7 Kf6 58. Rb7 Ke6 59. a5 Kd5
60. a6 Kc6 61. Rf7 Kd5 62. Rh7 Ke4 63. Re7+ Kf5 64. Rf7+ Kg6 65. Rd7 Kg5 66.
Rg7+ Kf6 67. Rd7 Ke6 68. Rd8 Ke7 69. Rd5 Ke6 70. Rd8 Kf5 71. Rf8+ Ke4 72. Re8+
Kd5 73. Rd8+ Kc4 74. Rd6 Kb5 75. Rf6 Ka5 76. Kd1 Kb4 77. Ke2 Kc3 78. Rc6+ Kb2
79. Rf6 Kc1 80. Rc6+ Kb1 81. Rd6 Ka2 82. Rd7 Ka3 83. Rxd2 Bxd2 84. Kxd2 Kb4 85.
Ke2 Ka5 86. Kf3 Kxa6 87. Kxf4 Kb5 88. Ke3 Kc4 89. Kd2 Kb3 90. Kc1 Ka2 91. Kc2 a5
92. Kc3 a4 93. Kc2 a3 94. Kc1 Ka1 95. Kc2 a2 96. Kc1 1/2-1/2

[Event "Euro Online U2300 Day 1"]
[Site "chess.com INT"]
[Date "2020.05.25"]
[Round "1"]
[White "Strybuk, Artsiom I"]
[Black "Purtseladze, Maka"]
[Result "1/2-1/2"]
[WhiteTitle "FM"]
[BlackTitle "IM"]
[WhiteElo "2215"]
[BlackElo "2274"]
[WhiteFideId "13515659"]
[BlackFideId "13602659"]
[EventDate "2020.05.25"]

1. d4 Nf6 2. c4 Nc6 3. Nf3 e6 4. g3 Bb4+ 5. Bd2 a5 6. Bg2 d6 7. O-O Bxd2 8.
Nbxd2 O-O 9. Rc1 e5 10. d5 Nb4 11. a3 Na6 12. Qc2 Bg4 13. h3 Bh5 14. g4 Bg6 15.
Qc3 Nc5 16. b4 axb4 17. axb4 Nce4 18. Qe3 Ra4 19. Nxe4 Nxe4 20. Nxe5 dxe5 21.
Bxe4 Rxb4 22. Bxg6 hxg6 23. Qxe5 Rb3 24. Rc3 Re8 25. Qxe8+ Qxe8 26. Rxb3 Qxe2
27. Rxb7 Qxc4 28. Re1 g5 29. Re8+ Kh7 30. Re7 Qxd5 31. Rbxc7 Qd1+ 32. Kg2 Qd5+
33. Kg3 Qd6+ 34. Kf3 Qh2 35. Rxf7 Qxh3+ 36. Ke2 Qxg4+ 37. Ke1 Qe4+ 38. Kf1 Kh6
39. Rxg7 Kh5 40. Rge7 Qh1+ 41. Ke2 Qb1 42. Rb7 Qc2+ 43. Kf1 Qd3+ 44. Kg2 Qd5+
45. Kf1 Qh1+ 46. Ke2 Qd5 47. Rbd7 Qc4+ 48. Ke1 Kg4 49. Rc7 Qb4+ 50. Ke2 Qb5+ 51.
Ke1 Qb1+ 52. Ke2 Qb2+ 53. Ke1 Qb1+ 54. Ke2 Kf5 55. Rf7+ Ke5 56. Rce7+ Kd6 57.
Rd7+ Ke6 58. Rfe7+ Kf6 59. Rf7+ Kg6 60. Rg7+ Kh5 61. Rge7 Qb5+ 62. Ke1 Kg4 63.
Rb7 Qd3 64. Rb4+ Kh5 65. Ree4 Qc3+ 66. Kf1 Qc1+ 67. Kg2 Qc6 68. Rc4 Qd5 69. Rd4
Qb7 70. Kg3 Qc7+ 71. Kh3 Qc8+ 72. Kg2 Qc6 73. f3 Qc2+ 74. Kg3 Qc7+ 75. Kh3 Qc8+
76. Kg2 Qc2+ 77. Kf1 Qc1+ 78. Kf2 Qh1 79. Rg4 Qh2+ 80. Ke3 Qe5+ 81. Kf2 Qc5 82.
Kg2 Qc2+ 83. Kg3 Qc7+ 84. Kf2 Qh2+ 85. Ke3 Qe5+ 86. Rge4 Qc5 87. Kf2 Qc1 88. Rc4
Qd2+ 89. Re2 Qd6 90. Rce4 Qh2+ 91. Ke3 Qg1+ 92. Kd3 Qf1 93. Ke3 Qc1+ 94. Kf2 Qh1
95. Ke3 Qg1+ 96. Kd3 Qf1 97. Ke3 Qg1+ 1/2-1/2

[Event "Euro Online U2300 Day 1"]
[Site "chess.com INT"]
[Date "2020.05.25"]
[Round "1"]
[White "Mostbauer, Florian"]
[Black "Abbasov, Amil1"]
[Result "1/2-1/2"]
[WhiteTitle "FM"]
[WhiteElo "2309"]
[BlackElo "2172"]
[WhiteFideId "1626671"]
[BlackFideId "13402277"]
[EventDate "2020.05.25"]

1. c4 e5 2. g3 Nc6 3. Bg2 g6 4. Nc3 Bg7 5. d3 Nge7 6. e4 O-O 7. Nge2 d6 8. O-O
Be6 9. Nd5 Qd7 10. Rb1 a5 11. Be3 Nd8 12. Qd2 Nc8 13. Bh6 c6 14. Bxg7 Kxg7 15.
Ne3 Bh3 16. d4 Bxg2 17. Kxg2 Qe7 18. d5 c5 19. f4 exf4 20. Rxf4 Nb6 21. Rh4 f6
22. Rf1 Nd7 23. Ng4 Nf7 24. Qe3 Rae8 25. Nc3 h5 26. Nf2 Nde5 27. Qe2 Ng5 28. Rf4
Nh7 29. h4 Rf7 30. g4 hxg4 31. Nxg4 Nxg4 32. Qxg4 Qd7 33. Nd1 Qxg4+ 34. Rxg4
Rfe7 35. Kf3 Re5 36. Rfg1 Nf8 37. Ne3 Kh7 38. R1g3 f5 39. Rf4 Rxe4 40. Rxe4 Rxe4
41. h5 Rh4 42. hxg6+ Nxg6 43. Rg5 Rh3+ 44. Kf2 f4 45. Nf5 Rh2+ 46. Kf3 Ne5+ 47.
Kxf4 Nxc4 48. Rg7+ Kh8 49. Rxb7 Rf2+ 50. Kg5 Nd2 51. Rb8+ Kh7 52. Rb7+ Kg8 53.
Kg6 Rg2+ 54. Kf6 Ne4+ 55. Ke7 Re2 56. Rb8+ Kh7 57. Nxd6 Nc3+ 58. Kd7 Nxd5 59.
Kc6 Nb4+ 60. Kxc5 Nxa2 61. Nc4 Rc2 62. Kd4 Nb4 63. Rb7+ Kg6 64. Nxa5 Rxb2 65.
Kc3 Rb1 66. Nb3 Nd5+ 67. Kc4 Ne3+ 68. Kc3 Nf5 69. Rb6+ Kg5 70. Rb5 Kg4 71. Kc2
Rf1 72. Rb4+ Kg5 73. Rb5 Rf2+ 74. Nd2 Kg6 75. Kd3 Rh2 76. Rb6+ Kf7 77. Ne4 Rh3+
78. Kd2 Rh2+ 79. Kd3 Ke7 80. Nc5 Rh3+ 81. Kd2 Nd4 82. Ne4 Rh2+ 83. Kd3 Nf5 84.
Ra6 Rh3+ 85. Kd2 Nd4 86. Ra7+ Kd8 87. Ra6 Kc7 88. Rg6 Nf3+ 89. Kc2 Nd4+ 90. Kd2
Nf3+ 91. Kc2 Ne5 92. Rg5 Nf3 93. Rg3 Rh2+ 94. Kd3 Ne5+ 95. Kd4 Nc6+ 96. Kc5 Rc2+
97. Rc3 Re2 98. Kd5 Kd7 99. Rxc6 Rxe4 100. Rd6+ Kc7 101. Rc6+ Kb7 102. Rc7+ Kxc7
103. Kxe4 1/2-1/2

[Event "Euro Online U2300 Day 1"]
[Site "chess.com INT"]
[Date "2020.05.25"]
[Round "1"]
[White "Rabatin, Jakub"]
[Black "Farkas, Lajos Dr."]
[Result "1-0"]
[WhiteTitle "FM"]
[WhiteElo "2271"]
[BlackElo "2191"]
[WhiteFideId "329517"]
[BlackFideId "711390"]
[EventDate "2020.05.25"]

1. e4 c6 2. d4 d5 3. exd5 cxd5 4. c4 Nf6 5. Nc3 Nc6 6. Bg5 dxc4 7. d5 Ne5 8. Qd4
h6 9. Qxe5 hxg5 10. Bxc4 Ng4 11. Qxg5 Qb6 12. Bb5+ Kd8 13. Qd2 g6 14. Nf3 Bh6
15. Qd4 Qxd4 16. Nxd4 Bg7 17. Nf3 Bf5 18. h3 a6 19. Be2 Rc8 20. O-O Ne5 21. Ng5
Ke8 22. Rac1 Bh6 23. f4 Nc4 24. Nce4 Ne3 25. Rxc8+ Bxc8 26. Rc1 Bd7 27. d6 f6
28. Nf3 Bxf4 29. Rc7 Nf5 30. Rxb7 Nxd6 31. Nxd6+ Bxd6 32. Bxa6 Rh5 33. Be2 Ra5
34. a3 Bc6 35. Rb3 Kd7 36. Rc3 Ra4 37. Rc4 Ra5 38. Rc3 Ra4 39. Rc4 Ra5 40. Kf1
Bb5 41. Rd4 Bxe2+ 42. Kxe2 g5 43. Rd3 Ke6 44. b4 Ra4 45. Nd4+ Ke5 46. Nc6+ Ke4
47. Na5 Bf4 48. Rf3 Bc1 49. Nc4 f5 50. Rc3 Bf4 51. g3 Bd6 52. Nxd6+ exd6 53.
Rc4+ Kd5 54. Rc3 Ke4 55. Re3+ Kd4 56. Rd3+ Ke5 57. h4 gxh4 58. gxh4 f4 59. Kf3
d5 60. b5 Ra8 61. Rb3 Rh8 62. b6 Rxh4 63. Kg2 Rh8 64. b7 Rb8 65. Kf3 Kd6 66.
Kxf4 Kc6 67. Ke5 Rxb7 68. Rc3+ Kd7 69. Kxd5 Rb5+ 70. Kc4 Ra5 71. Kb4 Ra8 72. a4
Rb8+ 73. Ka3 Ra8 74. Rc4 Kd6 75. Kb4 Rb8+ 76. Ka5 Ra8+ 77. Kb6 Rb8+ 78. Ka7 Rb1
79. a5 Rb3 80. a6 Kd7 81. Ka8 Rb2 82. Rh4 Kc7 83. Rh7+ Kc8 84. Rh8+ Kc7 85. a7
Rb1 86. Rb8 Ra1 87. Rb2 Ra3 88. Rc2+ Kd8 89. Rb2 Kc8 90. Rb4 Ra1 91. Rc4+ Kd7
92. Kb7 Rb1+ 93. Ka6 Ra1+ 94. Kb6 Kd8 95. Rc5 Kd7 96. Ra5 Rb1+ 97. Ka6 1-0

[Event "Euro Online U2300 Day 1"]
[Site "chess.com INT"]
[Date "2020.05.25"]
[Round "2"]
[White "Burkhardt, Holger"]
[Black "Tsybulkin, Ivan"]
[Result "0-1"]
[WhiteElo "1987"]
[BlackElo "1814"]
[WhiteFideId "4619145"]
[BlackFideId "34165140"]
[EventDate "2020.05.25"]

1. e4 d5 2. d3 dxe4 3. dxe4 Qxd1+ 4. Kxd1 Nf6 5. f3 e5 6. Be3 Be6 7. c3 Nbd7 8.
Nd2 a5 9. a4 Bc5 10. Bxc5 Nxc5 11. Kc2 O-O-O 12. b4 Rxd2+ 13. Kxd2 Nb3+ 14. Kc2
Nxa1+ 15. Kb2 Nb3 0-1

[Event "Euro Online U2300 Day 1"]
[Site "chess.com INT"]
[Date "2020.05.25"]
[Round "2"]
[White "Mikadze, Miranda"]
[Black "Ioannidis, Evgenios"]
[Result "0-1"]
[WhiteTitle "WGM"]
[BlackTitle "IM"]
[WhiteElo "2269"]
[BlackElo "2401"]
[WhiteFideId "13603108"]
[BlackFideId "4229274"]
[EventDate "2020.05.25"]

1. e4 c5 2. c3 Nf6 3. e5 Nd5 4. d4 cxd4 5. cxd4 d6 6. Nf3 Nc6 7. exd6 Qxd6 8.
Nc3 Bg4 9. h3 Qe6+ 10. Qe2 Bxf3 11. Qxe6 fxe6 12. gxf3 Nxd4 13. Bb5+ Kf7 14. O-O
Nxc3 15. bxc3 Nxb5 16. Rb1 Nd6 17. Ba3 b6 18. Rb4 Rc8 0-1

[Event "Euro Online U2300 Day 1"]
[Site "chess.com INT"]
[Date "2020.05.25"]
[Round "2"]
[White "Mishin, Alexei"]
[Black "Kilic, Eray"]
[Result "0-1"]
[WhiteElo "2206"]
[BlackElo "2094"]
[WhiteFideId "4157940"]
[BlackFideId "44517173"]
[EventDate "2020.05.25"]

1. e4 c5 2. c3 d5 3. exd5 Qxd5 4. d4 Nc6 5. Nf3 Bg4 6. Be2 e6 7. Be3 cxd4 8.
cxd4 Nf6 9. Nc3 Qd6 10. O-O Be7 11. h3 Bh5 12. Ne5 Bxe2 13. Qxe2 O-O 14. Nxc6
bxc6 15. Rac1 Rab8 16. Rfd1 Nd5 17. Ne4 Qb4 18. Rxc6 Qxb2 19. Rd2 Qb1+ 0-1

[Event "Euro Online U2300 Day 1"]
[Site "chess.com INT"]
[Date "2020.05.25"]
[Round "2"]
[White "Gallasch, Jonas"]
[Black "Patrascu, Catalin-Lucian"]
[Result "0-1"]
[BlackTitle "FM"]
[WhiteElo "2090"]
[BlackElo "2320"]
[WhiteFideId "16222474"]
[BlackFideId "1229052"]
[EventDate "2020.05.25"]

1. d4 Nf6 2. c4 e6 3. Nf3 b6 4. g3 Ba6 5. Qc2 d5 6. Nbd2 Nbd7 7. e4 dxe4 8. Nxe4
Bb7 9. Nxf6+ Qxf6 10. Bg5 Qxf3 11. Rg1 Bb4+ 12. Bd2 Qe4+ 13. Qxe4 Bxd2+ 14. Kxd2
Bxe4 15. Re1 Bb7 16. d5 e5 17. Bh3 f6 18. f4 Ke7 19. Bxd7 Kxd7 20. fxe5 fxe5 21.
Rxe5 Rae8 22. Rf5 Rhf8 23. Rgf1 Rxf5 24. Rxf5 c6 25. Kc3 cxd5 26. cxd5 g6 27.
Rg5 Kd6 28. Kd4 Re2 0-1

[Event "Euro Online U2300 Day 1"]
[Site "chess.com INT"]
[Date "2020.05.25"]
[Round "2"]
[White "Memeti, Kastriot"]
[Black "Lystsov, Leonid"]
[Result "0-1"]
[BlackTitle "CM"]
[WhiteElo "2129"]
[BlackElo "2038"]
[WhiteFideId "204390"]
[BlackFideId "44173873"]
[EventDate "2020.05.25"]

1. d4 Nf6 2. Bf4 g6 3. Nc3 d6 4. e4 c6 5. Qd2 Nbd7 6. Nf3 Bg7 7. Bh6 O-O 8. h4
b5 9. Bd3 e5 10. dxe5 Nxe5 11. Nxe5 dxe5 12. O-O-O Be6 13. Kb1 Qa5 14. h5 b4 15.
hxg6 bxc3 16. gxh7+ Nxh7 0-1

[Event "Euro Online U2300 Day 1"]
[Site "chess.com INT"]
[Date "2020.05.25"]
[Round "2"]
[White "Shishkov, Minko"]
[Black "Hansch, Torsten"]
[Result "1/2-1/2"]
[BlackTitle "CM"]
[WhiteElo "2268"]
[BlackElo "2075"]
[WhiteFideId "2904624"]
[BlackFideId "4622600"]
[EventDate "2020.05.25"]

1. c4 e6 2. g3 d5 3. Bg2 Nf6 4. Nf3 Be7 5. O-O O-O 6. d4 c6 7. Nbd2 Nbd7 8. Qc2
b6 9. Rd1 Bb7 10. e4 Rc8 11. b3 Qc7 12. Bb2 Rfd8 13. Rac1 Qb8 14. Qb1 Qa8 15. e5
Ne8 16. cxd5 cxd5 17. Bf1 Rxc1 18. Bxc1 Rc8 19. Bd3 h6 20. Nf1 Rc7 21. h4 Qc8
22. Bf4 Ba6 23. Kg2 Bxd3 24. Qxd3 Rc3 25. Qb1 Ba3 26. Bd2 Rc2 27. Ne3 Rc6 1/2-1/2

[Event "Euro Online U2300 Day 1"]
[Site "chess.com INT"]
[Date "2020.05.25"]
[Round "2"]
[White "Deuer, Marius"]
[Black "Jocev, Milan"]
[Result "1/2-1/2"]
[BlackTitle "FM"]
[WhiteElo "2122"]
[BlackElo "2258"]
[WhiteFideId "16236432"]
[BlackFideId "900680"]
[EventDate "2020.05.25"]

1. d4 Nf6 2. c4 g6 3. Nc3 Bg7 4. e4 O-O 5. Nf3 d6 6. Be2 e5 7. dxe5 dxe5 8. Qxd8
Rxd8 9. Bg5 Re8 10. Nd5 Nxd5 11. cxd5 c6 12. Bc4 cxd5 13. Bxd5 Na6 14. O-O-O Nc5
15. Be3 Be6 1/2-1/2

[Event "Euro Online U2300 Day 1"]
[Site "chess.com INT"]
[Date "2020.05.25"]
[Round "2"]
[White "Kopylov, Daniel"]
[Black "Theuretzbacher, Klaus"]
[Result "1-0"]
[WhiteElo "2348"]
[BlackElo "2177"]
[WhiteFideId "12921971"]
[BlackFideId "1601571"]
[EventDate "2020.05.25"]

1. e4 d5 2. exd5 Qxd5 3. Nc3 Qd6 4. d4 Nf6 5. Nf3 a6 6. g3 Bg4 7. Bg2 Nc6 8. O-O
O-O-O 9. d5 Nb4 10. Bf4 Qd7 11. Qd4 Nxc2 12. Qa7 Qf5 13. Ne5 Qxe5 14. Bxe5 Nxa1
15. Qa8+ Kd7 16. Qxb7 1-0

[Event "Euro Online U2300 Day 1"]
[Site "chess.com INT"]
[Date "2020.05.25"]
[Round "2"]
[White "Caner, Resul"]
[Black "Mikheev, Aleksey"]
[Result "1-0"]
[WhiteElo "1916"]
[BlackElo "2239"]
[WhiteFideId "6368492"]
[BlackFideId "24177660"]
[EventDate "2020.05.25"]

1. e4 c5 2. Nf3 d6 3. d4 cxd4 4. Nxd4 Nf6 5. Nc3 Nc6 6. Be3 Ng4 7. Bb5 Nxe3 8.
fxe3 Bd7 9. O-O Ne5 10. Nf3 Bxb5 11. Nxb5 e6 12. Nxe5 dxe5 13. Qh5 Qd7 14. Rad1
Qe7 15. Nd6+ 1-0

[Event "Euro Online U2300 Day 1"]
[Site "chess.com INT"]
[Date "2020.05.25"]
[Round "2"]
[White "Bin-Nun, Peleg"]
[Black "Radosevic, Nenad"]
[Result "0-1"]
[WhiteElo "2004"]
[BlackElo "2157"]
[WhiteFideId "2802660"]
[BlackFideId "906395"]
[EventDate "2020.05.25"]

1. e4 e6 2. d4 d5 3. Nc3 Nf6 4. e5 Nfd7 5. f4 c5 6. Nf3 Nc6 7. Be3 a6 8. Ne2 b5
9. c3 cxd4 10. cxd4 Bb4+ 11. Kf2 O-O 12. g3 f6 13. Kg2 fxe5 14. dxe5 Bc5 15.
Ned4 Nxd4 16. Bxd4 Qb6 17. Rc1 Bxd4 18. Nxd4 Nc5 19. Bd3 Nxd3 20. Qxd3 Bb7 21.
Rc2 Rac8 22. Rhc1 Rc4 23. Rd1 Rfc8 24. Rdd2 R8c7 25. b3 Rxd4 0-1

[Event "Euro Online U2300 Day 1"]
[Site "chess.com INT"]
[Date "2020.05.25"]
[Round "2"]
[White "Prigodin, Ruslan"]
[Black "Ruperez Benito, Antonio"]
[Result "1/2-1/2"]
[BlackTitle "FM"]
[WhiteElo "2036"]
[BlackElo "2356"]
[WhiteFideId "12801550"]
[BlackFideId "22245049"]
[EventDate "2020.05.25"]

1. d4 e6 2. Nf3 d5 3. c4 Nf6 4. g3 Be7 5. Bg2 O-O 6. O-O dxc4 7. Qc2 a6 8. a4
Nc6 9. Qxc4 Bd7 10. Bf4 Nd5 11. Nc3 Nxf4 12. gxf4 Nb4 13. Ne5 Bc6 14. Nxc6 Nxc6
15. Bxc6 bxc6 16. e3 Qd7 17. Rfc1 Rab8 18. Ne4 e5 19. dxe5 Rb4 20. Qc2 Rfb8 21.
Ng3 c5 1/2-1/2

[Event "Euro Online U2300 Day 1"]
[Site "chess.com INT"]
[Date "2020.05.25"]
[Round "2"]
[White "Rama, Lorenc"]
[Black "Karaoglan, Doruk"]
[Result "0-1"]
[WhiteTitle "FM"]
[BlackTitle "CM"]
[WhiteElo "2212"]
[BlackElo "2230"]
[WhiteFideId "4700171"]
[BlackFideId "6390927"]
[EventDate "2020.05.25"]

1. Nf3 Nf6 2. c4 g6 3. Nc3 Bg7 4. e4 d6 5. d4 O-O 6. Be2 e5 7. d5 a5 8. Bg5 Na6
9. Nd2 Qe8 10. O-O h5 11. a3 Nh7 12. Be3 Bd7 13. b3 h4 14. h3 f5 15. f3 Rf7 16.
Rb1 Qf8 17. b4 Bh6 18. Bf2 Qe7 19. bxa5 Bc8 20. Nb5 Bf4 21. Nb3 Qg5 22. Kh1 Nf6
23. Qe1 Nh5 24. Bxh4 Ng3+ 25. Bxg3 Bxg3 26. Qc1 f4 27. Rd1 Rh7 28. Bf1 Bf2 29.
g4 Bxg4 30. fxg4 Qxg4 0-1

[Event "Euro Online U2300 Day 1"]
[Site "chess.com INT"]
[Date "2020.05.25"]
[Round "2"]
[White "Santos, Luis"]
[Black "Saveliev, Alexei"]
[Result "0-1"]
[WhiteTitle "IM"]
[BlackTitle "IM"]
[WhiteElo "2269"]
[BlackElo "2352"]
[WhiteFideId "1900056"]
[BlackFideId "24128546"]
[EventDate "2020.05.25"]

1. c4 c5 2. Nf3 Nc6 3. Nc3 e5 4. g3 g6 5. Bg2 Bg7 6. O-O Nge7 7. Ne1 d6 8. Nc2
Be6 9. Ne3 Qd7 10. Ned5 O-O 11. d3 Rab8 12. Rb1 a6 13. a4 f5 14. b4 cxb4 15.
Nxb4 f4 16. Nbd5 Bh3 17. Ba3 Bxg2 18. Kxg2 Nxd5 19. Nxd5 h5 20. f3 Kh7 21. Rb6
Bf6 22. Rf2 Bd8 23. Rb2 Nd4 24. Qb1 Nf5 25. Bb4 Rf7 26. Bd2 g5 27. gxf4 gxf4 28.
d4 Bh4 29. Qe4 Rg8+ 30. Kf1 Bxf2 31. Kxf2 Qd8 32. Rxb7 Qh4+ 33. Kf1 Qh3+ 34. Ke1
Rg1+ 0-1

[Event "Euro Online U2300 Day 1"]
[Site "chess.com INT"]
[Date "2020.05.25"]
[Round "2"]
[White "Reshetniak, Vitaliy"]
[Black "Kiolbasa, Oliwia"]
[Result "1/2-1/2"]
[BlackTitle "WIM"]
[WhiteElo "2026"]
[BlackElo "2160"]
[WhiteFideId "14125250"]
[BlackFideId "1154613"]
[EventDate "2020.05.25"]

1. d4 Nf6 2. c4 b6 3. Nc3 Bb7 4. Nf3 e6 5. g3 d5 6. cxd5 Nxd5 7. Bg2 Be7 8. O-O
O-O 9. Nxd5 Bxd5 10. Bf4 c5 11. dxc5 Bxc5 12. a3 a5 13. Ne5 Bxg2 14. Qxd8 Rxd8
15. Kxg2 Nd7 16. Rfd1 Nxe5 17. Bxe5 f6 18. Bc3 a4 19. e4 e5 20. Kf3 Kf7 21. Ke2
Ke6 22. f3 h5 23. h3 Rac8 24. Rxd8 Rxd8 25. Rd1 Rxd1 26. Kxd1 Bf2 27. g4 hxg4
28. hxg4 g6 29. Ke2 Bc5 30. Kd3 b5 31. Bd2 Bd4 32. Bc3 Bc5 33. Bd2 Bd4 34. Bc3
Bc5 1/2-1/2

[Event "Euro Online U2300 Day 1"]
[Site "chess.com INT"]
[Date "2020.05.25"]
[Round "2"]
[White "Paulauskas, Andrius"]
[Black "Josse, Mark"]
[Result "0-1"]
[BlackTitle "CM"]
[WhiteElo "1904"]
[BlackElo "2235"]
[WhiteFideId "12807346"]
[BlackFideId "414476"]
[EventDate "2020.05.25"]

1. g4 d5 2. Bg2 c6 3. h3 e5 4. d4 exd4 5. Qxd4 Nf6 6. c4 dxc4 7. Qxd8+ Kxd8 8.
Na3 Be6 9. Bg5 Be7 10. O-O-O+ Kc8 11. Nf3 h6 12. Bh4 c3 13. Nd4 Bxa2 14. Nf5 Bf8
15. Bxf6 gxf6 16. Kc2 cxb2 17. Kxb2 Be6 18. f4 Nd7 19. Nd6+ Bxd6 20. Rxd6 Nb6
21. Rc1 Rd8 22. Rxd8+ Kxd8 23. Rd1+ Kc7 24. e4 Rd8 25. Rxd8 Kxd8 26. Kc3 Ke7 27.
f5 Ba2 28. Nc2 Bc4 29. Ne3 Bb5 30. Kd4 Kd6 31. Nd1 c5+ 32. Ke3 Ke5 33. Nf2 a5
34. g5 fxg5 35. Ng4+ Kd6 36. e5+ Ke7 37. Nxh6 Nc4+ 38. Kf2 b6 39. Ng4 a4 40. Bd5
a3 41. f6+ Kf8 42. Bxc4 Bxc4 43. Ne3 Be6 44. Ke2 Bxh3 0-1

[Event "Euro Online U2300 Day 1"]
[Site "chess.com INT"]
[Date "2020.05.25"]
[Round "2"]
[White "Gabriel, Josef"]
[Black "Skliarov, Viktor"]
[Result "0-1"]
[BlackTitle "IM"]
[WhiteElo "2046"]
[BlackElo "2376"]
[WhiteFideId "4609948"]
[BlackFideId "14106736"]
[EventDate "2020.05.25"]

1. e4 c5 2. Nf3 Nc6 3. g3 g6 4. Bg2 Bg7 5. O-O Nf6 6. d3 O-O 7. c3 d6 8. h3 Rb8
9. Ne1 b5 10. f4 Bb7 11. Nf3 b4 12. c4 Ne8 13. Nbd2 Nc7 14. Rb1 Ne6 15. f5 Ned4
16. Nb3 e6 17. Nfxd4 Nxd4 18. Nxd4 Bxd4+ 19. Kh2 exf5 20. exf5 Re8 21. Qg4 Qe7
22. Bg5 Qe2 23. Rg1 Qxg4 24. hxg4 Re2 25. fxg6 hxg6 26. Kh3 Bxg1 27. Bxb7 Rh2# 0-1

[Event "Euro Online U2300 Day 1"]
[Site "chess.com INT"]
[Date "2020.05.25"]
[Round "2"]
[White "Travica, Robert"]
[Black "Razafindratsima, Timothe"]
[Result "0-1"]
[BlackTitle "FM"]
[WhiteElo "2002"]
[BlackElo "2336"]
[WhiteFideId "954861"]
[BlackFideId "36069884"]
[EventDate "2020.05.25"]

1. e4 c5 2. Nf3 d6 3. d4 cxd4 4. Nxd4 Nf6 5. Nc3 a6 6. Be2 e5 7. Nf3 Be7 8. O-O
h6 9. Bc4 O-O 10. h3 Be6 11. Bb3 Nbd7 12. Re1 Nc5 13. a3 Nxb3 14. cxb3 Rc8 15.
b4 Rc4 16. Qd3 b5 17. b3 Rc7 18. Rb1 Qc8 19. Bb2 Qb7 20. Red1 Rfc8 21. Nh2 Bxb3
22. Rd2 Be6 23. Nf1 Rxc3 24. Bxc3 Qxe4 25. Qxe4 Nxe4 26. Bxe5 Nxd2 27. Bxd6 Nxb1
28. Bxe7 Rc1 0-1